|
|
|
|
| LEADER |
00000nab a2200000 a 4500 |
| 001 |
vtls010253392 |
| 003 |
SK-MaSNL |
| 005 |
20260318114241.0 |
| 008 |
110302c1998 xo e ger |
| 015 |
|
|
|a SNBRB2006/06
|
| 035 |
|
|
|a SVKKK000059769
|
| 038 |
|
|
|a SVKKK
|
| 040 |
|
|
|a SVKKK
|b slo
|c SVKKK
|e AACR2
|
| 041 |
0 |
|
|a ger
|
| 044 |
|
|
|a xo
|c SK
|
| 080 |
|
|
|a 323.15=112.2(437.6)
|2 1997
|
| 080 |
|
|
|a 341.232(083.9)
|2 1997
|
| 100 |
0 |
|
|a V.M.
|4 aut
|9 470465
|
| 245 |
1 |
0 |
|a Seminar in der Hohen Tatra
|c V.M.
|
| 610 |
2 |
7 |
|a Spiš - križovatka kultúr v strede Európy (projekt)
|2 snkbucl
|9 1262494
|
| 650 |
0 |
7 |
|a Karpatskí Nemci
|2 SNK
|9 253235
|
| 650 |
0 |
7 |
|a cestovný ruch
|2 SNK
|9 999
|
| 651 |
|
7 |
|a Spiš (Slovensko : región)
|2 SNKPHgeo
|9 17692
|
| 773 |
0 |
|
|t Karpatenblatt
|x 1336-0736
|g Roč. 7, č. 10 (1998), s. 3
|
| 852 |
|
|
|a SVKKK
|b BIB
|
| 958 |
|
|
|a SK
|
| 999 |
|
|
|c 3356803
|d 3358733
|